|
|
|
|
| LEADER |
00000ntmaa2200000 a 4500 |
| 001 |
vtls011736640 |
| 003 |
SK-MaSNL |
| 005 |
20260301095040.0 |
| 008 |
230802s1749 xo ||i 001n1 lat |
| 035 |
|
|
|a urn:nbn:sk:snk-tm00eloo
|
| 035 |
|
|
|a urn:nbn:sk:snk-tm3n3oz
|
| 035 |
|
|
|a F750C696-008D-4395-81D3-B6995906D955
|
| 040 |
|
|
|a SNKLA
|b slo
|c SNKLA
|e AACR2
|
| 041 |
0 |
|
|a lat
|
| 044 |
|
|
|a xo
|c SK
|
| 072 |
|
7 |
|a 27-78
|x Kresťanské združenia, spolky a organizácie. Rehoľné rády
|2 konspekt
|
| 080 |
|
|
|a 27-54
|2 2011
|
| 080 |
|
|
|a 025.171
|2 2011
|
| 080 |
|
|
|a (035)
|2 2011
|
| 245 |
0 |
0 |
|a Benedictiones quae Statutis Diebus Dominicis ...
|
| 260 |
|
|
|a [Levoča]
|c [1749?]
|
| 300 |
|
|
|a 441 strán v rôznom stránkovaní
|b rukopis, viazaný
|c 17 cm
|
| 520 |
2 |
|
|a Požehnania, ktoré sa zvykli udeľovať v katolíckej cirkvi v stanovené nedele a sviatky
|
| 555 |
0 |
|
|a Inventár rukopisov Archívu literatúry a umenia Matice slovenskej. Rukopisy historických knižníc na Slovensku II. Martin : Matica slovenská 1995
|
| 610 |
2 |
7 |
|a Jezuiti
|2 SNKKA
|9 30953
|
| 650 |
0 |
7 |
|a požehnanie (modlitby)
|2 SNKPH
|9 30610
|
| 651 |
|
7 |
|a Levoča (Slovensko)
|2 SNKPHgeo
|9 26696
|
| 655 |
|
7 |
|a príručky
|2 SNKPH
|9 74364
|
| 655 |
|
7 |
|a rukopisy
|2 SNKPH
|9 70548
|
| 700 |
1 |
|
|a Marczényi, Andreas
|4 sgn
|9 429783
|
| 852 |
|
|
|a Slovenská národná knižnica
|b Literárny archív
|
| 852 |
|
|
|a Slovenská národná knižnica
|b Literárny archív
|
| 958 |
|
|
|a ZH
|
| 958 |
|
|
|a LAVD
|
| 999 |
|
|
|c 682036
|d 683966
|
| 952 |
|
|
|a SNKLA
|b SNKLA
|c SNKLA_DEP
|y NEVYP
|7 0
|p 17A1227836
|o snkRHKS 1403
|0 0
|1 0
|4 0
|d 2018-01-16
|f 1
|l 0
|r 2026-02-23 20:00:41
|w 2026-02-23
|